Đố tục giảng thanh và giai thoại chữ nghĩa /

Spremljeno u:
Bibliografski detalji
Glavni autor: Nguyễn Trọng Báu
Daljnji autori: Hoàng Thị Thiệu biên tập
Format: Knjiga
Jezik:Vietnamese
Izdano: Hà Nội : Văn hoá - Thông tin, 2006.
Teme:
Oznake: Dodaj oznaku
Bez oznaka, Budi prvi tko označuje ovaj zapis!
Thư viện lưu trữ: Mạng thư viện Đại học Đà Nẵng
LEADER 01198nam a22003251a 4500
001 000039233
003 15528
005 20240823134634.0
008 160412s2006 000
020 |c 43000 
040 |a LNN 
041 |a vie 
082 |a 398.5  |b NG-B 
100 |a Nguyễn Trọng Báu 
242 0 |a Văn học dân gian . Văn học dân gian -- Việt Nam 
245 0 |a Đố tục giảng thanh và giai thoại chữ nghĩa /  |c Nguyễn Trọng Báu. 
260 |a Hà Nội :  |b Văn hoá - Thông tin,  |c 2006. 
300 |a 379 tr. ;  |c 21 cm. 
650 |a Khoa học xã hội  |b Ngôn ngữ học Xã hội 
653 |a Văn học dân gian . Văn học dân gian -- Việt Nam,Nguyễn Trọng Báu 
700 |a Hoàng Thị Thiệu  |b biên tập 
OWN |a LNN 
902 |a Tham khảo TV 
AVA |a UDN50  |b LNN  |d 398.5 NG-B  |e available  |t Error 5001 Not defined in file expand_doc_bib_avail.  |f 3  |g 0  |h N  |i 0 
999 |a From the UDN01 
AVA |a UDN50  |b LNN  |d 398.5 NG-B  |e available  |t Error 5001 Not defined in file expand_doc_bib_avail.  |f 3  |g 0  |h N  |i 0 
TYP |a Monograph 
980 |a Mạng thư viện Đại học Đà Nẵng